000 00633nam a2200193Ia 4500
003 GCL
008 140319s9999 xx 000 0 ara d
040 _aGCL /
_cGCL
082 0 4 _a805
_bف ا
100 1 _aفؤاد التكرلى
245 1 0 _aالاديب المعاصر: مجلة اتحاد الادباء فى العراق /
_cفؤاد التكرلى
300 _a229 ص
490 _aالهيئة العامة للاستعلامات
_v0
650 0 4 _aالادب العربى
650 0 4 _aالقصص العربية
650 0 4 _aالشعر العربى - تاريخ ونقد
650 0 4 _aدوريات
942 _2ddc
_cBK
999 _c51037
_d51037